| 000 | 00903nam a2200205 i 4500 | ||
|---|---|---|---|
| 001 | 53412 | ||
| 003 | ES-MaACL | ||
| 005 | 20230906162747.0 | ||
| 007 | t| | ||
| 008 | 950922s1892 sp |||| |dspa d | ||
| 245 | 0 | 0 |
_aEspaña _b: impresiones de un viajero hispanoamericano en las fiestas colombinas. |
| 260 |
_aMadrid : _b[s.n.], _c1892 ( _fImp. y lit. de J. Palacios) |
||
| 300 |
_a99, [2] p. ; _c18 cm. |
||
| 530 | _aDisponible en formato digital. | ||
| 594 | _aSegún la Biblioteca Digital de la Comunidad de Madrid, el autor es: Ático Selvas Zenén. | ||
| 651 | 4 |
_aEspaña- _xDescripción- _yS.XIX. _98185 |
|
| 700 | 1 |
_aSelvas Zenén, Atico. _9166655 |
|
| 852 |
_aES-MaACL _jFol-Laf-541 |
||
| 856 |
_uhttps://bibliotecavirtualmadrid.comunidad.madrid/bvmadrid_publicacion/es/consulta/resultados_ocr.do?id=375&tipoResultados=BIB&posicion=1&forma=ficha _zBiblioteca Digital de la Comunidad de Madrid |
||
| 999 |
_c53412 _d53412 |
||